000 02380cam a2200481 4500
008 090401t1995 xxu||||| |||| 00| 0 eng d
020 _a0419189807
035 _a(Sirsi) u71125
041 _aeng
050 _a338.4369094
110 _aCommittee of European Construction Economists
_91661
245 _aConstruction economics in the Single European Market.
260 _aLondon
_bE & F N Spon
_c1995
300 _axxii,229p. ; 24cm.
350 _a48.5
520 _aPapers presented at the joint CEEC/UNTEC conference on construction economics held at the World Trade Centre, La Defense, Paris, May 1993. Papers:- Developing the role of the building surveyors within the European Community/ PELLING, J. - The impact of the Single Market on construction/ WEBB, M. - The construction econmist in Europe: roles and remuneration/ WADE, M. - Methods of measurement: Community comparisons/ O`LOUGHLIN, G. - A sample case study of building projects/ CHRISTENSEN, B. - Building as an investment process/ CONNAUGHTON, J. - La naissance d`une directive RRGA?/ de WILDT, R. - Exchange of data/ HUDSON, K. - Global costs (life-cycle costs)/ MOREAU, J. - Facilities management/ OWEN, D. - Cost planning and controlling building costs/ PENNANEN, A. - A model of professional training for a European construction economist/ RAMIREZ, A. - Total quality management in construction/ HARTMANN, M. - Impact of information technology on the construction industry/ ATKIN, B. - Risk mana
650 _aBUILT ENVIRONMENT-BUILDING COSTS
650 _aBUILDING INDUSTRY
650 _aBUILDING SURVEYORS
650 _aCEEC
650 _aCONFERENCES
650 _aCONSTRUCTION ECONOMICS
650 _aCONSTRUCTION ECONOMISTS
650 _aCONSTRUCTION INDUSTRY
650 _aCOST DATA BANK
650 _aCOST PLANNING
650 _aDATA EXCHANGE
650 _aEUROPEAN COMMUNITY
650 _aFACILITIES MANAGEMENT
_96240
650 _aGREEN ISSUES
650 _aMANAGEMENT-BUSINESS MANAGEMENT-INFORMATION MANAGEMENT
650 _aLIF-CYCLE COSTING
650 _aPROPERTY INVESTMENT
650 _aQUALITY MANAGEMENT
650 _aRISK MANAGEMENT
650 _aSINGLE MARKET
650 _aTOTAL QUALITY MANAGEMENT
650 _aUNTEC
690 _aBUILDING AND CONSTRUCTION-ECONOMICS
700 _aDrake, B.
_xEditor
942 _n0
948 _c04/03/1997
999 _c95385
_d95385